[Event "Bordeaux ASPOM-Nice"]
[Site "Saint Affrique"]
[Date "2007.11.25"]
[Round "3.6"]
[White "Boursier, Julien"]
[Black "Favarel, Antoine"]
[Result "1-0"]
[WhiteElo "2092"]
[BlackElo "2064"]
[PlyCount "71"]
[EventDate "2007.11.25"]
[WhiteTeam "Nice"]
[BlackTeam "Bordeaux A.S.P.O.M."]

1. d4 d5 2. c4 e6 3. Nc3 Nf6 4. cxd5 exd5 5. Bg5 c6 6. e3 Be7 7. Bd3 Nbd7 8.
Nf3 O-O 9. O-O Re8 10. Qc2 Nf8 11. h3 Be6 12. Na4 N6d7 13. Bxe7 Qxe7 14. b4 Qf6
15. Qe2 a6 16. Nc5 Nxc5 17. bxc5 Re7 18. Rab1 Rae8 19. Ne5 Qh6 20. Rb3 f6 21.
Ng4 Qh4 22. Rfb1 Bc8 23. R1b2 Ne6 24. Qf3 Ng5 25. Qf4 Ne6 26. Qf3 Ng5 27. Qf4
Kh8 28. Qd6 Bxg4 29. hxg4 Qxg4 30. Rxb7 Nf3+ 31. Kf1 Nxd4 32. f3 Qh4 33. Rxe7
Qh1+ 34. Kf2 Qh4+ 35. Qg3 Qxg3+ 36. Kxg3 1-0

[Event "Bordeaux ASPOM-Nice"]
[Site "Saint Affrique"]
[Date "2007.11.25"]
[Round "3.7"]
[White "Calas, Bernard"]
[Black "Bressac, Stephane"]
[Result "0-1"]
[WhiteElo "2161"]
[BlackElo "1971"]
[PlyCount "152"]
[EventDate "2007.11.25"]
[WhiteTeam "Bordeaux A.S.P.O.M."]
[BlackTeam "Nice"]

1. e4 e6 2. d4 d5 3. Bd3 dxe4 4. Bxe4 Nf6 5. Bf3 c5 6. Ne2 Nc6 7. Be3 Qb6 8.
Nbc3 cxd4 9. Nxd4 Bc5 10. Bxc6+ bxc6 11. Na4 Qa5+ 12. c3 Bxd4 13. Bxd4 Ba6 14.
Nc5 e5 15. b4 Qb5 16. Nxa6 Qxa6 17. Bxe5 O-O 18. f4 Nd5 19. Qe2 Qxe2+ 20. Kxe2
f6 21. Bd4 Nxf4+ 22. Kf3 Nd5 23. a4 Rfd8 24. Rhd1 a6 25. Ke4 Kf7 26. g3 Ra7 27.
Kd3 Rad7 28. Kc4 Rd6 29. a5 Ke6 30. Re1+ Kf7 31. Re2 Re6 32. Rxe6 Kxe6 33. Bb6
Rc8 34. Re1+ Kd7 35. Rd1 Re8 36. Kc5 Re2 37. Rc1 Nc7 38. Rd1+ Nd5 39. Rc1 Nc7
40. Rd1+ Nd5 41. c4 Rc2 42. Rd4 Rc1 43. b5 axb5 44. a6 bxc4 45. a7 Ra1 46. Rxc4
h5 47. Rc2 g5 48. Rc4 f5 49. Bd8 f4 50. Bxg5 f3 51. Rc1 Rxa7 52. Rf1 Ra3 53. h3
Rc3+ 54. Kd4 Ke6 55. Re1+ Kf5 56. Bd2 c5+ 57. Kxd5 Rd3+ 58. Kc4 Rxd2 59. Kc3
Rg2 60. Kd3 Rxg3 61. Rc1 Rxh3 62. Ke3 Kg4 63. Rxc5 Rh2 64. Rc7 Re2+ 65. Kd3 Re8
66. Rg7+ Kh3 67. Rf7 Kg2 68. Rg7+ Kf1 69. Rh7 f2 70. Ra7 h4 71. Kd2 h3 72. Rg7
h2 73. Rh7 Rd8+ 74. Ke3 Ke1 75. Ra7 f1=Q 76. Ra1+ Rd1 0-1

[Event "Bordeaux ASPOM-Nice"]
[Site "Saint Affrique"]
[Date "2007.11.25"]
[Round "3.8"]
[White "Bramme, Isabelle"]
[Black "Garma, Jovanka"]
[Result "0-1"]
[WhiteElo "2004"]
[BlackElo "1738"]
[PlyCount "78"]
[EventDate "2007.11.25"]
[WhiteTeam "Nice"]
[BlackTeam "Bordeaux A.S.P.O.M."]

1. d4 d5 2. Nf3 Nf6 3. Bf4 e6 4. e3 c5 5. c3 Nc6 6. Nbd2 b6 7. Bb5 Bd7 8. Bd3
a6 9. Ne5 c4 10. Bb1 b5 11. Nxd7 Qxd7 12. e4 b4 13. e5 Ng8 14. O-O bxc3 15.
bxc3 Ba3 16. Bc2 Bb2 17. Rb1 Bxc3 18. Nf3 Nge7 19. Be3 Qc7 20. Ng5 Ng6 21. f4
Nce7 22. f5 exf5 23. Bxf5 Nxf5 24. Rxf5 O-O 25. e6 fxe6 26. Rxf8+ Nxf8 27. Qc2
Ba5 28. Rf1 Ng6 29. Qe2 h6 30. Nxe6 Qd6 31. Nf4 Bc7 32. Qg4 Rf8 33. Qxg6 Qe7
34. Qe6+ Qxe6 35. Nxe6 Bxh2+ 36. Kxh2 Rxf1 37. Nf4 c3 38. Nd3 c2 39. g3 Rf3 0-1

[Event "Chamalières-L'Isle sur la Sorgue"]
[Site "Saint Affrique"]
[Date "2007.11.25"]
[Round "3.1"]
[White "Etchegaray, Patrice"]
[Black "Weill, Roland"]
[Result "1-0"]
[WhiteElo "2368"]
[BlackElo "2220"]
[PlyCount "71"]
[EventDate "2007.11.25"]
[WhiteTeam "ChamaliÃ¨res"]
[BlackTeam "L'Isle sur la Sorgue"]

1. e4 g6 2. d4 Bg7 3. Nc3 d6 4. Be3 c6 5. Qd2 b5 6. Nf3 Bg4 7. Ng1 h5 8. h3 Bd7
9. Nf3 b4 10. Ne2 Nf6 11. Ng5 O-O 12. g3 a5 13. Bg2 Na6 14. O-O Rc8 15. c3 bxc3
16. bxc3 c5 17. e5 Nh7 18. e6 fxe6 19. Bb7 cxd4 20. cxd4 Nb4 21. Bxc8 Qxc8 22.
Rfc1 Qa8 23. Nxh7 Kxh7 24. Rc7 Bc6 25. Rxe7 Bh1 26. d5 Nxd5 27. Ra7 Nxe3 28.
Rxa8 Bxa8 29. Rc1 Nf5 30. Qxa5 Bd5 31. a4 Rf7 32. Rc7 Ne7 33. Qb6 Bf3 34. Nf4
e5 35. Qxd6 exf4 36. Rxe7 1-0

[Event "Chamalières-L'Isle sur la Sorgue"]
[Site "Saint Affrique"]
[Date "2007.11.25"]
[Round "3.2"]
[White "Dimitrov, Christo"]
[Black "Robin, Samy"]
[Result "1-0"]
[WhiteElo "2269"]
[BlackElo "2355"]
[PlyCount "43"]
[EventDate "2007.11.25"]
[WhiteTeam "L'Isle sur la Sorgue"]
[BlackTeam "ChamaliÃ¨res"]

1. Nf3 Nf6 2. c4 g6 3. g3 Bg7 4. Bg2 d6 5. d4 O-O 6. O-O c6 7. Nc3 Qc7 8. h3 e5
9. e4 Nbd7 10. Bg5 a5 11. Qd2 Re8 12. Rad1 exd4 13. Nxd4 Nc5 14. Rfe1 Nfd7 15.
g4 Ne5 16. Qe2 Qb6 17. Be3 Qb4 18. Bf1 Ned7 19. Qc2 Nf6 20. g5 Nfd7 21. Ncb5
cxb5 22. Bd2 1-0

[Event "Chamalières-L'Isle sur la Sorgue"]
[Site "Saint Affrique"]
[Date "2007.11.24"]
[Round "3.3"]
[White "Sandu, Mihaela"]
[Black "Sibirko, Ivan"]
[Result "0-1"]
[WhiteElo "2266"]
[BlackElo "2066"]
[PlyCount "126"]
[EventDate "2007.11.25"]
[WhiteTeam "ChamaliÃ¨res"]
[BlackTeam "L'Isle sur la Sorgue"]

1. e4 e6 2. d4 d5 3. Nc3 Nf6 4. Bg5 dxe4 5. Nxe4 Be7 6. Bxf6 Bxf6 7. Nf3 Nd7 8.
Bb5 O-O 9. O-O c6 10. Nxf6+ Qxf6 11. Bc4 e5 12. Re1 exd4 13. Qxd4 Qxd4 14. Nxd4
Nb6 15. Bd3 Rd8 16. Nf3 h6 17. Re5 Be6 18. Rae1 Bxa2 19. Re7 Rab8 20. Ra1 Be6
21. h3 a6 22. Re1 Nd5 23. R7xe6 fxe6 24. g3 Rd6 25. Ne5 b5 26. Bg6 Rf8 27. Nd3
a5 28. Nc5 Nc7 29. Bd3 a4 30. f4 Ra8 31. h4 b4 32. Bc4 a3 33. bxa3 bxa3 34. f5
a2 35. Ra1 Kf8 36. fxe6 Ke7 37. Kf2 Nxe6 38. Ne4 Rd4 39. Bd3 Rb4 40. Nc3 Nc5
41. Bh7 Ra3 42. Nxa2 Rb2 43. Re1+ Kf6 44. Nc1 g6 45. Re8 Rxc2+ 46. Ne2 Ra7 47.
Bg8 Re7 48. Rxe7 Kxe7 49. Ke3 Kd6 50. Bh7 Ke5 51. Bxg6 Ra2 52. g4 Ne6 53. h5
Rxe2+ 54. Kxe2 Nf4+ 55. Ke3 Nxg6 56. hxg6 Kf6 57. Kd4 Kxg6 58. Kc5 Kg5 59. Kxc6
Kxg4 60. Kd5 h5 61. Ke4 h4 62. Ke3 Kg3 63. Ke2 Kg2 0-1

[Event "Chamalières-L'Isle sur la Sorgue"]
[Site "Saint Affrique"]
[Date "2007.11.25"]
[Round "3.4"]
[White "Lallement, Victor"]
[Black "Blanc, Sebastien"]
[Result "0-1"]
[WhiteElo "2074"]
[BlackElo "2137"]
[PlyCount "90"]
[EventDate "2007.11.25"]
[WhiteTeam "L'Isle sur la Sorgue"]
[BlackTeam "ChamaliÃ¨res"]

1. e4 c5 2. Nf3 Nc6 3. d4 cxd4 4. Nxd4 Nf6 5. Nc3 d6 6. Bc4 Bd7 7. O-O g6 8. f3
Na5 9. Bb3 Bg7 10. Be3 O-O 11. Nde2 Qc8 12. Nd5 Nxd5 13. Bxd5 Bxb2 14. Rb1 Bg7
15. Bg5 e6 16. Qd2 exd5 17. Qxa5 dxe4 18. fxe4 Qxc2 19. Ng3 b6 20. Qd5 Qc5+ 21.
Kh1 Be6 22. Qd2 Bc3 23. Qf4 f6 24. Bh6 Be5 25. Qh4 Rf7 26. Rbc1 Qb5 27. Rf2 Qd7
28. Be3 Raf8 29. Rcf1 b5 30. Ne2 Bxa2 31. Nd4 Bc4 32. Rc1 a5 33. Rfc2 a4 34.
Qe1 Ra8 35. Qb4 d5 36. exd5 Qxd5 37. Nf3 a3 38. Nxe5 fxe5 39. Ra1 Qd3 40. Qd2
Qxd2 41. Rxd2 Rf1+ 42. Rxf1 Bxf1 43. Rd1 a2 44. Ra1 Bd3 45. Kg1 Bb1 0-1

[Event "Chamalières-L'Isle sur la Sorgue"]
[Site "Saint Affrique"]
[Date "2007.11.25"]
[Round "3.5"]
[White "Ollier, Pablo"]
[Black "Vanderbeeken, Mikael"]
[Result "1-0"]
[WhiteElo "2131"]
[BlackElo "2106"]
[PlyCount "69"]
[EventDate "2007.11.25"]
[WhiteTeam "ChamaliÃ¨res"]
[BlackTeam "L'Isle sur la Sorgue"]

1. d4 e6 2. c4 Bb4+ 3. Nc3 f5 4. Nf3 Nf6 5. Bg5 Bxc3+ 6. bxc3 h6 7. Bf4 d6 8.
e3 Qe7 9. Bd3 Nbd7 10. Bg3 O-O 11. O-O Ne4 12. Nh4 Qf7 13. Bxe4 fxe4 14. f4 Nf6
15. c5 dxc5 16. f5 exf5 17. Nxf5 Bxf5 18. Rxf5 cxd4 19. cxd4 Qd7 20. Qb3+ Kh8
21. Raf1 c6 22. Be5 Qe7 23. R1f4 Nd5 24. Rh5 Rxf4 25. exf4 Kg8 26. Qg3 Kh7 27.
f5 Qf7 28. Rh4 Rg8 29. Qf2 Nf6 30. g4 Nd7 31. g5 Nxe5 32. dxe5 e3 33. g6+ Kh8
34. Qxe3 Qf8 35. e6 1-0

[Event "Chamalières-L'Isle sur la Sorgue"]
[Site "Saint Affrique"]
[Date "2007.11.25"]
[Round "3.6"]
[White "Morice, Ludovic"]
[Black "Lafeuille, Bernard"]
[Result "1-0"]
[WhiteElo "2067"]
[BlackElo "1922"]
[PlyCount "105"]
[EventDate "2007.11.25"]
[WhiteTeam "L'Isle sur la Sorgue"]
[BlackTeam "ChamaliÃ¨res"]

1. d4 e6 2. e4 d5 3. Bd3 dxe4 4. Bxe4 Nf6 5. Bf3 c5 6. Ne2 Nc6 7. Be3 Qb6 8.
Nbc3 Bd7 9. O-O Nb4 10. dxc5 Bxc5 11. Bxc5 Qxc5 12. Bxb7 Rd8 13. Qc1 O-O 14. a3
Nc6 15. Qf4 Qb6 16. Bxc6 Bxc6 17. b4 Ba8 18. Rfd1 Qc6 19. f3 Rfe8 20. Rxd8 Rxd8
21. Rd1 Re8 22. Qd6 Qb7 23. Ng3 h6 24. Nge4 Nxe4 25. Nxe4 Rc8 26. Nc5 Qb5 27.
Nxe6 Qe2 28. Nc5 Qe3+ 29. Kf1 Qxa3 30. Qa6 Qxa6+ 31. Nxa6 Bc6 32. Nc5 a5 33. c3
Bb5+ 34. Kf2 a4 35. Ra1 Ra8 36. Ra3 Kf8 37. Ke3 Ke7 38. Ke4 g6 39. g4 Bc6+ 40.
Ke3 Bb5 41. h4 Kd6 42. Kd4 Be2 43. c4 Kc7 44. g5 hxg5 45. hxg5 Rd8+ 46. Ke3
Bxc4 47. Rc3 Re8+ 48. Ne4 Kb6 49. Rxc4 Kb5 50. Kd3 Rd8+ 51. Kc3 Rd1 52. Rc5+
Kb6 53. Ra5 1-0

[Event "Chamalières-L'Isle sur la Sorgue"]
[Site "Saint Affrique"]
[Date "2007.11.25"]
[Round "3.7"]
[White "Ollier, Milan"]
[Black "Dijon, Fabien"]
[Result "0-1"]
[WhiteElo "1863"]
[BlackElo "2068"]
[PlyCount "128"]
[EventDate "2007.11.25"]
[WhiteTeam "ChamaliÃ¨res"]
[BlackTeam "L'Isle sur la Sorgue"]

1. e4 e6 2. d4 d5 3. Nc3 Nf6 4. Bg5 Bb4 5. Nge2 dxe4 6. a3 Be7 7. Bxf6 gxf6 8.
Nxe4 f5 9. N4c3 b6 10. d5 e5 11. Ng3 Bg5 12. Bc4 a6 13. Qh5 Qf6 14. d6 c6 15.
Bxf7+ Qxf7 16. Qxg5 Be6 17. Nh5 Nd7 18. Ng7+ Kf8 19. Qh6 Qxg7 20. Qxe6 Qf7 21.
Qxf7+ Kxf7 22. O-O-O Rhg8 23. g3 Rg6 24. Rhe1 Rd8 25. Re2 Re6 26. b3 h5 27. Kb2
e4 28. h3 Ne5 29. g4 hxg4 30. hxg4 Nxg4 31. Na4 b5 32. Nc5 Rexd6 33. Rxd6 Rxd6
34. Nxa6 Rh6 35. Nb4 c5 36. Nd5 Rh2 37. Nc7 e3 38. Rxe3 Nxe3 39. fxe3 Re2 40.
Nd5 Rd2 41. Nf4 Kf6 42. Kc3 Rd8 43. Nd3 Re8 44. Kd2 c4 45. bxc4 bxc4 46. Nf4
Ke5 47. Ke2 Ra8 48. Nh3 Rxa3 49. Nf2 Ra8 50. Nh3 Rh8 51. Nf2 Rd8 52. Ke1 Kd5
53. Ke2 Kc5 54. c3 Kd5 55. Kf3 Ke5 56. Ke2 Ra8 57. Nd1 Ra2+ 58. Kf3 Rc2 59. Nf2
Rxc3 60. Nh3 Rc2 61. Nf4 Rd2 62. Ng6+ Kf6 63. Nf4 c3 64. Ne2 c2 0-1

[Event "Chamalières-L'Isle sur la Sorgue"]
[Site "Saint Affrique"]
[Date "2007.11.25"]
[Round "3.8"]
[White "Khelif, Jihane"]
[Black "Revidon, Laetitia"]
[Result "0-1"]
[WhiteElo "1790"]
[BlackElo "1747"]
[PlyCount "38"]
[EventDate "2007.11.25"]
[WhiteTeam "L'Isle sur la Sorgue"]
[BlackTeam "ChamaliÃ¨res"]

1. e4 e5 2. Nf3 Nc6 3. d4 exd4 4. Nxd4 Nf6 5. Nxc6 bxc6 6. Bd3 d5 7. e5 Qe7 8.
O-O Ng4 9. Re1 Qh4 10. Be3 Qxh2+ 11. Kf1 Nxe3+ 12. Rxe3 Bc5 13. Rg3 h5 14. Nd2
h4 15. Rxg7 h3 16. Qf3 hxg2+ 17. Ke2 Qxe5+ 18. Ne4 Qxg7 19. Nxc5 Bg4 0-1

[Event "Montpellier Diagonale-Saint Affrique"]
[Site "Saint Affrique"]
[Date "2007.11.25"]
[Round "3.1"]
[White "Rodriguez, Amador"]
[Black "Georgiev, Krum"]
[Result "1/2-1/2"]
[WhiteElo "2481"]
[BlackElo "2488"]
[PlyCount "24"]
[EventDate "2007.11.25"]
[WhiteTeam "La Diagonale du Sud Montpellier"]
[BlackTeam "Saint Affrique"]

1. e4 c5 2. Nf3 d6 3. Bc4 Nf6 4. d3 Nc6 5. c3 e6 6. Bb3 Be7 7. O-O O-O 8. Re1
Ne5 9. Bf4 Nxf3+ 10. Qxf3 e5 11. Bg5 Nd5 12. Bxe7 Nxe7 1/2-1/2

[Event "Montpellier Diagonale-Saint Affrique"]
[Site "Saint Affrique"]
[Date "2007.11.25"]
[Round "3.2"]
[White "Leygue, Dominique"]
[Black "Palleja, Xavier"]
[Result "0-1"]
[WhiteElo "2321"]
[BlackElo "2256"]
[PlyCount "70"]
[EventDate "2007.11.25"]
[WhiteTeam "Saint Affrique"]
[BlackTeam "La Diagonale du Sud Montpellier"]

1. e4 e6 2. Nf3 c5 3. b4 cxb4 4. d4 Nf6 5. Bd3 d5 6. e5 Ne4 7. O-O Nc6 8. Be3
Bd7 9. Ne1 Be7 10. f3 Nc3 11. Nxc3 bxc3 12. f4 g6 13. g4 Nb4 14. Be2 Qc7 15. a3
Nc6 16. Rf3 O-O-O 17. Bf2 Qa5 18. Ng2 h5 19. g5 Kb8 20. Qe1 Rc8 21. Rxc3 Qa4
22. Qd1 Na5 23. Rxc8+ Rxc8 24. Ne3 Rc3 25. f5 Bxg5 26. fxg6 fxg6 27. Bd3 Rxa3
28. Rxa3 Qxa3 29. Qe1 Be8 30. Bg3 Nc6 31. Qf2 Qe7 32. c4 Qa3 33. Nxd5 exd5 34.
Qf3 dxc4 35. e6+ Ka8 0-1

[Event "Montpellier Diagonale-Saint Affrique"]
[Site "Saint Affrique"]
[Date "2007.??.??"]
[Round "3.3"]
[White "Serreau, David"]
[Black "Boyd, Stephen"]
[Result "0-1"]
[WhiteElo "2181"]
[BlackElo "2333"]
[PlyCount "32"]
[EventDate "2007.11.25"]
[WhiteTeam "La Diagonale du Sud Montpellier"]
[BlackTeam "Saint Affrique"]

1. Nf3 g6 2. d4 Bg7 3. g3 Nf6 4. b3 c5 5. Bb2 cxd4 6. Nxd4 d5 7. Bg2 O-O 8. Nd2
e5 9. N4f3 e4 10. Nd4 Nc6 11. e3 Ne5 12. h3 h5 13. Ne6 Bxe6 14. Bxe5 Re8 15.
Qc1 Bxh3 16. Bxh3 Rxe5 0-1

[Event "Montpellier Diagonale-Saint Affrique"]
[Site "Saint Affrique"]
[Date "2007.11.25"]
[Round "3.4"]
[White "Laclau, Daniel"]
[Black "Guerin, Gilles"]
[Result "1-0"]
[WhiteElo "2261"]
[BlackElo "2244"]
[PlyCount "93"]
[EventDate "2007.11.25"]
[WhiteTeam "Saint Affrique"]
[BlackTeam "La Diagonale du Sud Montpellier"]

1. d4 Nf6 2. Nf3 d6 3. c4 Nbd7 4. Nc3 e5 5. e4 g6 6. Be2 Bg7 7. O-O O-O 8. Re1
Re8 9. Bf1 exd4 10. Nxd4 Nc5 11. f3 a5 12. Ndb5 Bf8 13. Bg5 Ne6 14. Be3 Bd7 15.
Qd2 Bc6 16. Rad1 b6 17. Qf2 Qc8 18. Nd5 Bxd5 19. cxd5 Nc5 20. Nd4 Bg7 21. Bb5
Rf8 22. b3 Nfd7 23. Qc2 Ne5 24. a3 Qd8 25. b4 axb4 26. axb4 Ncd7 27. Rc1 Rc8
28. Ba6 Ra8 29. Bf1 Rc8 30. Nb5 f5 31. exf5 gxf5 32. Nd4 Qf6 33. Ne6 Rf7 34.
Ba6 Re8 35. Nxc7 Nxf3+ 36. gxf3 Rxe3 37. Rxe3 Qg5+ 38. Kf2 Bd4 39. Qd3 Qh4+ 40.
Ke2 Qxh2+ 41. Kd1 Bxe3 42. Qxe3 Rg7 43. Qe6+ Kh8 44. Be2 Qf4 45. Kc2 h5 46.
Qe8+ Kh7 47. Qxh5+ 1-0

[Event "Montpellier Diagonale-Saint Affrique"]
[Site "Saint Affrique"]
[Date "2007.11.25"]
[Round "3.5"]
[White "Py, Jean"]
[Black "Djingarova, Emilia"]
[Result "0-1"]
[WhiteElo "2140"]
[BlackElo "2296"]
[PlyCount "112"]
[EventDate "2007.11.25"]
[WhiteTeam "La Diagonale du Sud Montpellier"]
[BlackTeam "Saint Affrique"]

1. d4 b6 2. Nf3 Bb7 3. Bf4 Nf6 4. h3 g6 5. e3 Bg7 6. Be2 O-O 7. Nbd2 d6 8. O-O
c5 9. c3 Re8 10. a4 Nc6 11. Nc4 cxd4 12. exd4 Nd5 13. Bc1 Rc8 14. Qb3 Qc7 15.
Re1 e5 16. dxe5 dxe5 17. a5 e4 18. Nh2 h5 19. axb6 axb6 20. Nf1 Ne5 21. Nxe5
Bxe5 22. Bb5 Re6 23. Ra7 Qb8 24. Ra4 Rc5 25. c4 Nf4 26. Be3 Nd3 27. Rb1 Rc7 28.
Qa2 Qd8 29. b4 Bf4 30. Qe2 Qg5 31. Ra2 Bxe3 32. Qxe3 Nf4 33. Qg3 Qf6 34. Ne3
Rd6 35. h4 Rc8 36. Qg5 Qxg5 37. hxg5 Bc6 38. c5 bxc5 39. bxc5 Rdd8 40. Bf1 Ne6
41. Rc1 Nxg5 42. Ra7 Ne6 43. Bc4 Rc7 44. Ra2 Nf4 45. Rca1 Rdd7 46. Ra6 Kg7 47.
Rxc6 Rxc6 48. Bb5 Rdc7 49. Bxc6 Rxc6 50. Ra4 f5 51. f3 Nd3 52. fxe4 f4 53. Nd5
Rxc5 54. Ra7+ Kh6 55. Rf7 Rc1+ 56. Kh2 Kg5 0-1

[Event "Montpellier Diagonale-Saint Affrique"]
[Site "Saint Affrique"]
[Date "2007.11.25"]
[Round "3.6"]
[White "Bosc, Sebastien"]
[Black "Vaklinov, Vasil"]
[Result "0-1"]
[WhiteElo "2033"]
[BlackElo "2181"]
[PlyCount "88"]
[EventDate "2007.11.25"]
[WhiteTeam "Saint Affrique"]
[BlackTeam "La Diagonale du Sud Montpellier"]

1. e4 c5 2. Nf3 Nc6 3. Bb5 e6 4. O-O Nge7 5. Re1 a6 6. Bf1 Ng6 7. c3 Be7 8. d4
d5 9. e5 O-O 10. a3 Bd7 11. b4 cxd4 12. cxd4 Rc8 13. Bb2 f6 14. Nbd2 fxe5 15.
dxe5 Qb6 16. Qe2 a5 17. b5 Nf4 18. Qd1 Na7 19. Bd4 Bc5 20. Bxc5 Rxc5 21. a4 Nc8
22. Nb3 Rc3 23. Rc1 Nh3+ 24. gxh3 Rfxf3 25. Rxc3 Rxc3 26. Nd4 Ne7 27. Re3 Rxe3
28. fxe3 Qc7 29. Nf3 Nf5 30. Qd2 Be8 31. Bd3 Bg6 32. Bxf5 Bxf5 33. Qd4 Qc1+ 34.
Kf2 Bxh3 35. Kg3 Qf1 36. Qd2 Bf5 37. Qxa5 h6 38. Qe1 Qh3+ 39. Kf2 Be4 40. Qe2
Bxf3 41. Qxf3 Qxh2+ 42. Ke1 Qh4+ 43. Qf2 Qxa4 44. Qb2 Qh4+ 0-1

[Event "Montpellier Diagonale-Saint Affrique"]
[Site "Saint Affrique"]
[Date "2007.11.25"]
[Round "3.7"]
[White "Piquemal, Christiane"]
[Black "Chaplin, Erik"]
[Result "0-1"]
[WhiteElo "2083"]
[BlackElo "2116"]
[PlyCount "72"]
[EventDate "2007.11.25"]
[WhiteTeam "La Diagonale du Sud Montpellier"]
[BlackTeam "Saint Affrique"]

1. d4 Nf6 2. c4 e6 3. Nc3 Bb4 4. Qc2 O-O 5. Bg5 c5 6. d5 d6 7. O-O-O Bxc3 8.
Qxc3 Nxd5 9. Rxd5 f6 10. Bxf6 Rxf6 11. Rg5 Qe7 12. h4 e5 13. Nh3 Nc6 14. e3 Nb4
15. Qb3 Bf5 16. Be2 Bxh3 17. gxh3 Rxf2 18. a3 Rxe2 19. axb4 Rf8 20. Rhg1 b6 21.
bxc5 dxc5 22. Qd3 Rff2 23. Qd5+ Kh8 24. Qa8+ Qf8 25. Qxf8+ Rxf8 26. Rxg7 Rf1+
27. Rxf1 Kxg7 28. Rf3 e4 29. Rg3+ Kh6 30. b3 a5 31. Kd1 Rb2 32. Rg4 Rxb3 33.
Rxe4 Rb4 34. Rg4 a4 35. e4 a3 36. Rg2 Rb1+ 0-1

[Event "Montpellier Diagonale-Saint Affrique"]
[Site "Saint Affrique"]
[Date "2007.11.25"]
[Round "3.8"]
[White "Vignette, Jeanne"]
[Black "Louche, Herve"]
[Result "0-1"]
[WhiteElo "1610"]
[BlackElo "1804"]
[PlyCount "142"]
[EventDate "2007.11.25"]
[WhiteTeam "Saint Affrique"]
[BlackTeam "La Diagonale du Sud Montpellier"]

1. e4 c5 2. Nf3 d6 3. d4 cxd4 4. Nxd4 Nf6 5. Nc3 g6 6. Be3 Bg7 7. Qd2 O-O 8.
O-O-O Ng4 9. h3 Nxe3 10. Qxe3 Nc6 11. Nf3 Be6 12. a3 Qa5 13. Nd5 Bxd5 14. Rxd5
Qc7 15. h4 Rfc8 16. Rd2 Ne5 17. h5 Nxf3 18. Qxf3 Bh6 19. Qd1 Bxd2+ 20. Qxd2 e6
21. Bd3 Qe7 22. hxg6 hxg6 23. Qh6 Qf6 24. g4 Qg7 25. Qh2 Rd8 26. f4 Kf8 27. f5
gxf5 28. gxf5 Qe5 29. Qh4 Ke8 30. Rg1 Kd7 31. Bb5+ Qxb5 32. fxe6+ fxe6 33. Rg7+
Kc6 34. Qe7 Qf1+ 35. Kd2 Qf2+ 36. Kd1 Qd4+ 37. Kc1 Qe3+ 38. Kb1 Qb6 39. Qxe6
Qd4 40. Rg3 a6 41. Rc3+ Kb6 42. Qb3+ Ka7 43. Rc4 Qg1+ 44. Ka2 Rac8 45. Rb4 Rb8
46. Qc3 Qg8+ 47. Rb3 Qf7 48. Qd4+ Ka8 49. c4 b5 50. c5 Qc4 51. Qf6 Qxc5 52. Rc3
Qe5 53. Qf7 Rf8 54. Qd7 Qxe4 55. Rc7 Qd5+ 56. Kb1 Rf1+ 57. Kc2 Qf5+ 58. Qxf5
Rxf5 59. Rc6 Rc5+ 60. Rxc5 dxc5 61. Kc3 Kb7 62. b3 Kc6 63. Kc2 Kd5 64. Kd2 Ke4
65. Kc3 Rh8 66. Kc2 Rh2+ 67. Kc1 Kd3 68. Kb1 Kc3 69. Ka1 Kxb3 70. a4 b4 71. Kb1
Rh1# 0-1

[Event "Montpellier II-Ramonville"]
[Site "Saint Affrique"]
[Date "2007.11.25"]
[Round "3.1"]
[White "Anic, Darko"]
[Black "Lejarre, Ludovic"]
[Result "1/2-1/2"]
[WhiteElo "2449"]
[BlackElo "2393"]
[PlyCount "87"]
[EventDate "2007.11.25"]
[WhiteTeam "Montpellier II"]
[BlackTeam "Ramonville"]

1. Nf3 Nf6 2. c4 g6 3. g3 Bg7 4. Bg2 O-O 5. O-O d6 6. d4 Nbd7 7. Nc3 e5 8. h3
Re8 9. e4 exd4 10. Nxd4 a6 11. Re1 Rb8 12. Bf4 Ne5 13. b3 Nh5 14. Be3 c5 15.
Nde2 b5 16. cxb5 axb5 17. f4 Nd7 18. Rc1 b4 19. Na4 Nhf6 20. e5 dxe5 21. Nxc5
Nxc5 22. Qxd8 Rxd8 23. Bxc5 Nd5 24. fxe5 Bxe5 25. Bd4 Bxd4+ 26. Nxd4 Bb7 27.
Nc6 Bxc6 28. Rxc6 Rd7 29. Rd1 Rbd8 30. Rc4 Nc3 31. Rxd7 Rxd7 32. Rxb4 Rd1+ 33.
Kf2 Rd2+ 34. Kg1 Rxa2 35. Bf3 Ne2+ 36. Bxe2 Rxe2 37. Kf1 Rh2 38. h4 Kg7 39. Rb7
h6 40. b4 g5 41. hxg5 hxg5 42. Rc7 Rb2 43. Rc4 f5 44. Rc5 1/2-1/2

[Event "Montpellier II-Ramonville"]
[Site "Saint Affrique"]
[Date "2007.11.25"]
[Round "3.2"]
[White "Gachon, Lionel"]
[Black "Touzane, Olivier"]
[Result "1/2-1/2"]
[WhiteElo "2282"]
[BlackElo "2325"]
[PlyCount "80"]
[EventDate "2007.11.25"]
[WhiteTeam "Ramonville"]
[BlackTeam "Montpellier II"]

1. Nf3 Nf6 2. g3 g6 3. b4 Bg7 4. Bb2 O-O 5. Bg2 d6 6. O-O e5 7. d3 a6 8. c4 Nc6
9. a3 h6 10. Nbd2 Be6 11. Rc1 Qd7 12. c5 Bh3 13. cxd6 Bxg2 14. Kxg2 cxd6 15.
Nc4 Qe6 16. Rc2 Nh5 17. e4 Rad8 18. Ne3 Nf6 19. Qa1 Rfe8 20. Nc4 Nh5 21. Ne3 f5
22. exf5 gxf5 23. Nh4 f4 24. Qd1 fxe3 25. Qxh5 Qd5+ 26. Kg1 Qxd3 27. Re2 Rf8
28. Rxe3 Qc2 29. Re2 Qd3 30. Re3 Qc2 31. Re2 Qc4 32. Rc1 Qd3 33. Re3 Qd2 34.
Re2 Qg5 35. Qxg5 hxg5 36. Ng2 d5 37. Rd1 Rf3 38. Ne3 Nd4 39. Bxd4 exd4 40. Ng4
Rd7 1/2-1/2

[Event "Montpellier II-Ramonville"]
[Site "Saint Affrique"]
[Date "2007.11.25"]
[Round "3.3"]
[White "Zharkov, Hleb"]
[Black "Franca, Ricardo Bedin"]
[Result "1-0"]
[WhiteElo "2239"]
[BlackElo "2215"]
[PlyCount "152"]
[EventDate "2007.11.25"]
[WhiteTeam "Montpellier II"]
[BlackTeam "Ramonville"]

1. d4 d5 2. Bg5 c6 3. e3 Qb6 4. Qc1 Bf5 5. Nf3 h6 6. Bh4 e6 7. c4 Nd7 8. Nc3
Ngf6 9. c5 Qc7 10. b4 a6 11. Be2 Be7 12. a4 O-O 13. O-O Rfe8 14. b5 a5 15. Ra3
Ne4 16. Nxe4 Bxe4 17. Bg3 Qc8 18. bxc6 bxc6 19. Nd2 Bg6 20. Bd3 Bxd3 21. Rxd3
Bf6 22. f4 Qa6 23. Rb3 Rab8 24. Qc3 Rxb3 25. Nxb3 Rb8 26. Ra1 Bd8 27. Be1 Nf6
28. Qc2 Ne4 29. Nc1 Qb7 30. Nd3 f6 31. Nf2 Nxf2 32. Bxf2 Qb2 33. Qxb2 Rxb2 34.
g3 Kf7 35. Kg2 e5 36. f5 Bc7 37. h3 e4 38. Ra3 h5 39. Ra1 g6 40. fxg6+ Kxg6 41.
Kf1 Kg5 42. Be1 Kf5 43. Ra3 Ke6 44. Ra1 Kd7 45. Bf2 Kc8 46. Ra3 Kb7 47. Kg1 Ka6
48. Kf1 Bd8 49. Kg1 Be7 50. Kf1 Bf8 51. Kg1 Bh6 52. Kf1 Bg5 53. Kg1 Rb1+ 54.
Kg2 Kb7 55. Kh2 Kc8 56. Kg2 Kc7 57. Kh2 Kd7 58. Kg2 Bh6 59. Kh2 Bf8 60. Kg2 Be7
61. g4 hxg4 62. hxg4 Ke6 63. Bg3 Bd8 64. Bf4 Kd7 65. Ra2 Bc7 66. Bxc7 Kxc7 67.
Rf2 Re1 68. Rxf6 Rxe3 69. g5 Re2+ 70. Kg3 e3 71. g6 Re1 72. Rf7+ Kd8 73. g7
Rg1+ 74. Kf3 Rf1+ 75. Kxe3 Rxf7 76. g8=Q+ Ke7 1-0

[Event "Montpellier II-Ramonville"]
[Site "Saint Affrique"]
[Date "2007.11.25"]
[Round "3.4"]
[White "Huchet, Francois"]
[Black "Hamdouchi, Adina Maria"]
[Result "1/2-1/2"]
[WhiteElo "2120"]
[BlackElo "2306"]
[PlyCount "145"]
[EventDate "2007.11.25"]
[WhiteTeam "Ramonville"]
[BlackTeam "Montpellier II"]

1. e4 g6 2. d4 Bg7 3. c4 d6 4. Nc3 Nc6 5. d5 Nd4 6. g3 c5 7. Bg2 a6 8. a4 Bd7
9. Nce2 Qb6 10. Nxd4 cxd4 11. b3 f5 12. exf5 Bxf5 13. Bh3 d3 14. Ra2 Qd4 15.
Bxf5 Qe5+ 16. Be3 Qxf5 17. Qf3 Qe5 18. Nh3 Nf6 19. O-O O-O 20. Qd1 b5 21. Qxd3
bxc4 22. bxc4 Rac8 23. Nf4 Ng4 24. Rc2 Rf7 25. Rd1 Bh6 26. Bd4 Qf5 27. Qxf5
Rxf5 28. Ne6 Rxd5 29. cxd5 Rxc2 30. Rb1 Rc8 31. f4 Kf7 32. h3 Nf6 33. Bxf6 Kxf6
34. Rb4 g5 35. fxg5+ Bxg5 36. Nxg5 Kxg5 37. Re4 Rc7 38. Kf2 Kf5 39. Re3 Kf6 40.
Re6+ Kf7 41. Rh6 Kg7 42. Re6 Kf8 43. Rh6 Rc5 44. Rxh7 Rxd5 45. Rh8+ Kg7 46. Rh4
Rd2+ 47. Ke3 Rh2 48. Rg4+ Kf6 49. h4 a5 50. Rc4 Rg2 51. g4 e6 52. Kf3 Rb2 53.
g5+ Kg6 54. Rg4 e5 55. Rc4 Kf5 56. Rc6 e4+ 57. Ke3 Rb3+ 58. Ke2 Rd3 59. Ra6 Rd5
60. Ke3 Ke5 61. Ra7 Rd3+ 62. Ke2 Rh3 63. Rxa5+ d5 64. g6 Rxh4 65. Ra8 Rh2+ 66.
Kf1 Kf6 67. Rd8 Rd2 68. Rd6+ Kg7 69. a5 d4 70. a6 d3 71. Ke1 e3 72. a7 Ra2 73.
Rxd3 1/2-1/2